000 00826nas a2200277 4500
001 BR0901718
003 BR-BrBNA
005 20231205112626.0
007 ta
008 230509b bl.|||p| |||| 00| 00por d
040 _aBR-BrBNA
_bpor
_cBiblioteca Nacional de Agricultura
041 _a(Pt)
072 _aQ02
100 1 _aValente, D.S.M.
100 1 _aCorrêa, P.C.
100 1 _aQueiroz, D.M. de
100 1 _aSilva, L.C. da
245 1 _aImpactos da operacionalização de unidades armazenadoras sobre os custos de secagem de milho
650 _aMILHO
650 _aARMAZENAMENTO
650 _aSECAGEM
650 _aCUSTO
773 0 _tRevista Brasileira de Armazenamento (Brazil)
_xISSN 0100-3518
_g(2008), v. 33(1) p. 60-67
_wBR0901718
909 _a202311
_bLúcia
_c55
_dLúcia Elande
942 _2AGRIS
_n0
_cANA
999 _c199040
_d199040